Asia Map Quiz - "A" Cities - Statistics

General Stats
  • This quiz has been taken 160 times
  • The average score is 16 of 20
Answers on the Map
Answers color-coded by a green-red scale on the quiz's map according to % correct below.
 
Answer Stats
Answer % Correct
Abu Dhabi
98%
Ankara
98%
Aleppo
94%
Amman
93%
Aden
92%
Almaty
90%
Ashgabat
90%
Astana
86%
Ahmedabad
84%
Antalya
82%
Agra
81%
Angeles
81%
Aomori
79%
Anshan
78%
Amritsar
72%
Adana
67%
Aqaba
67%
Ahvaz
62%
Aizawl
58%
Anyang
50%
No matching quizzes found
Score Distribution
Percent of People with Each Score
Percentile by Number Answered
Your Score History
You have not taken this quiz